000 00396nam a2200145Ia 4500
008 210716s2007 xx 000 0 und d
020 _a9788126512911
041 _aeng
082 _a793.73 SHAD
100 _aShasha, Dennis E.
245 _aPuzzles: for programmers and pros.
_bFor programmers and pros.
250 _a1
260 _aNew Delhi
_bWiley India Pvt Ltd
_c2007
300 _axiii,226
999 _c188340
_d188340